[Event "Quebec-ch U14"]
[Site "Montreal CAN"]
[Date "2009.11.28"]
[Round "3"]
[White "Sprumont, Oscar"]
[Black "Morin-Pare, Victor"]
[Result "1-0"]
[WhiteElo "1581"]
[BlackElo "1265"]
[PlyCount "67"]
[GameId "2160767910030157"]
[EventDate "2009.11.27"]
[EventType "swiss"]
[EventRounds "5"]
[EventCountry "CAN"]
[SourceTitle "hb 2010.01"]

1. e4 e6 2. d4 d5 3. e5 c5 4. c3 Nc6 5. Nf3 Nge7 6. a3 Nf5 7. Bd3 g6 8. b4 c4 9. Bc2 Bd7 10. Nbd2 Bh6 11. h4 Bg7 12. Nf1 h5 13. Bg5 Nce7 14. Ne3 Nxe3 15. fxe3 Bh6 16. Bf6 Rg8 17. e4 Qc7 18. O-O Bc6 19. Ng5 Bg7 20. Bxe7 Qxe7 21. Rxf7 Qxf7 22. Nxf7 Kxf7 23. Qf1+ Ke7 24. exd5 Bxd5 25. Bxg6 Raf8 26. Qb1 Bxe5 27. dxe5 Rg7 28. Be4 Rfg8 29. Qc2 Rg4 30. Re1 b5 31. Bxd5 exd5 32. Qf2 Rf8 33. Qxa7+ Ke8 34. e6 1-0

[Event "Quebec-ch U14"]
[Site "Montreal CAN"]
[Date "2009.11.28"]
[Round "3"]
[White "Yun, Chang"]
[Black "Vallieres, Clovis"]
[Result "1-0"]
[WhiteElo "1393"]
[BlackElo "1014"]
[PlyCount "49"]
[GameId "2160767910030158"]
[EventDate "2009.11.27"]
[EventType "swiss"]
[EventRounds "5"]
[EventCountry "CAN"]
[SourceTitle "hb 2010.01"]

1. e4 d6 2. d4 g6 3. Nc3 Nf6 4. f3 Bg7 5. Be3 O-O 6. Qd2 b5 7. Bxb5 a6 8. Bc4 Qe8 9. Nge2 Qc6 10. Bd5 Qb6 11. Bxa8 Qxb2 12. O-O Bd7 13. Rab1 Qa3 14. Rb3 Qa5 15. Bd5 c6 16. Bc4 d5 17. Bd3 dxe4 18. Nxe4 Nxe4 19. Qxa5 Nf6 20. Rfb1 Nd5 21. Bf4 Bf5 22. Bxf5 gxf5 23. Rxb8 e6 24. Rxf8+ Kxf8 25. Qd8# 1-0

[Event "Quebec-ch U14"]
[Site "Montreal CAN"]
[Date "2009.11.28"]
[Round "3"]
[White "Zhang, Zhiyuan"]
[Black "Allard, Laurent"]
[Result "1/2-1/2"]
[WhiteElo "1883"]
[BlackElo "1843"]
[PlyCount "101"]
[GameId "2160767910030159"]
[EventDate "2009.11.27"]
[EventType "swiss"]
[EventRounds "5"]
[EventCountry "CAN"]
[SourceTitle "hb 2010.01"]

1. e4 c5 2. c3 Nf6 3. e5 Nd5 4. d4 cxd4 5. Nf3 e6 6. cxd4 d6 7. Nc3 Nxc3 8. bxc3 dxe5 9. Nxe5 Bd6 10. Bb5+ Bd7 11. Bxd7+ Nxd7 12. Nc4 Be7 13. Qb3 Qc7 14. Bd2 Rc8 15. Ne3 O-O 16. O-O Nf6 17. f3 Bd6 18. h3 Bf4 19. Rfc1 Rfd8 20. Nf1 Bxd2 21. Nxd2 Nd5 22. Ne4 b6 23. c4 Nf4 24. Qe3 Rxd4 25. g3 Rd3 26. Qxf4 Qxf4 27. gxf4 Rxf3 28. Nd6 Rd8 29. c5 bxc5 30. Rxc5 Rxf4 31. Nb5 a6 32. Nc7 Ra4 33. Rc6 a5 34. Ra6 g6 35. Ra8 Rxa8 36. Nxa8 Ra3 37. Kg2 f5 38. Nc7 Kf7 39. Nb5 Rd3 40. a4 e5 41. Ra3 Rd2+ 42. Kf1 Ke6 43. Ke1 Rb2 44. Rd3 Rb4 45. Nc7+ Kf7 46. Rd7+ Kg8 47. Nd5 Rxa4 48. Nf6+ Kf8 49. Nxh7+ Kg8 50. Nf6+ Kf8 51. Nh7+ 1/2-1/2

[Event "Quebec-ch U14"]
[Site "Montreal CAN"]
[Date "2009.11.29"]
[Round "4"]
[White "Adamowicz, Marek"]
[Black "Ma, Indy"]
[Result "1-0"]
[WhiteElo "1311"]
[BlackElo "1344"]
[PlyCount "169"]
[GameId "2160767910030160"]
[EventDate "2009.11.27"]
[EventType "swiss"]
[EventRounds "5"]
[EventCountry "CAN"]
[SourceTitle "hb 2010.01"]

1. e4 c5 2. Nf3 d6 3. Bc4 Nf6 4. Nc3 Nc6 5. d3 Bg4 6. Bg5 Bxf3 7. Qxf3 Nd4 8. Qd1 Nd7 9. Be3 Ne5 10. Bb3 Nxb3 11. axb3 g6 12. d4 cxd4 13. Bxd4 Bh6 14. Bxa7 O-O 15. Nd5 Nc6 16. Bb6 Rxa1 17. Qxa1 Qa8 18. O-O Bg7 19. c3 Qc8 20. f4 Qe6 21. Qa4 f5 22. Re1 Qd7 23. Qc4 Kh8 24. Nc7 Rf6 25. Ra1 Rf8 26. Ne6 Rc8 27. exf5 Nd4 28. Qd5 Nxf5 29. Kf2 Bf6 30. Ra7 Qc6 31. Qxc6 bxc6 32. Bd8 Kg8 33. g4 Kf7 34. gxf5 gxf5 35. Bxe7 Kxe6 36. Bxf6 Kxf6 37. Rxh7 Kg6 38. Rd7 d5 39. Rd6+ Kh5 40. Kf3 d4 41. Rxd4 Kg6 42. Rd6+ Kf7 43. b4 Ke7 44. Rh6 Kd7 45. Rf6 c5 46. bxc5 Rxc5 47. h4 Ke7 48. Rb6 Kf7 49. h5 Kg7 50. Kg3 Kh7 51. Kh4 Kg7 52. Kg5 Kh7 53. Rb7+ Kg8 54. h6 Rc6 55. Rg7+ Kh8 56. Rg6 Rc7 57. Kxf5 Rc5+ 58. Kg4 Kh7 59. Rg5 Rc6 60. f5 Kxh6 61. Rg6+ Rxg6+ 62. fxg6 Kxg6 63. Kf4 Kf6 64. Ke4 Ke6 65. Kd4 Kd6 66. b4 Kc6 67. Kc4 Kb6 68. Kd5 Kc7 69. Kc5 Kb7 70. Kd6 Kb6 71. c4 Kb7 72. Kd7 Kb8 73. c5 Kb7 74. c6+ Ka6 75. c7 Kb5 76. c8=Q Kxb4 77. Qc6 Kb3 78. Qc5 Kb2 79. Qc4 Ka1 80. Qb4 Ka2 81. Kc6 Ka1 82. Kc5 Ka2 83. Kc4 Ka1 84. Kc3 Ka2 85. Qb2# 1-0

[Event "Quebec-ch U14"]
[Site "Montreal CAN"]
[Date "2009.11.29"]
[Round "4"]
[White "Allard, Laurent"]
[Black "Wu, Qiyou"]
[Result "1-0"]
[WhiteElo "1843"]
[BlackElo "1726"]
[PlyCount "97"]
[GameId "2160767910030161"]
[EventDate "2009.11.27"]
[EventType "swiss"]
[EventRounds "5"]
[EventCountry "CAN"]
[SourceTitle "hb 2010.01"]

1. e4 c5 2. Nf3 d6 3. d4 cxd4 4. Nxd4 Nf6 5. Nc3 g6 6. Be3 Bg7 7. f3 Nc6 8. Qd2 O-O 9. Bc4 Bd7 10. O-O-O Ne5 11. Bb3 Rc8 12. h4 h5 13. Kb1 Nc4 14. Bxc4 Rxc4 15. Nde2 b5 16. Bh6 b4 17. Bxg7 Kxg7 18. Nd5 Nxd5 19. Qxd5 Qc7 20. Qd2 Rc8 21. Rc1 a5 22. g4 Rh8 23. gxh5 Rxh5 24. Ng3 Rcc5 25. Nxh5+ Rxh5 26. Rcg1 Qc8 27. Qd4+ f6 28. Rg3 Qc5 29. Qxc5 Rxc5 30. Rhg1 Be8 31. Rg4 Rh5 32. b3 Kh6 33. f4 Bd7 34. f5 Be8 35. Kb2 Kh7 36. c3 g5 37. cxb4 axb4 38. hxg5 Rh2+ 39. R4g2 Rxg2+ 40. Rxg2 fxg5 41. Rxg5 Bc6 42. Rg4 Kh6 43. Rg6+ Kh5 44. e5 Be4 45. exd6 Bxf5 46. d7 Bxd7 47. Rg7 Bc6 48. Rxe7 Kg5 49. Re6 1-0

[Event "Quebec-ch U14"]
[Site "Montreal CAN"]
[Date "2009.11.29"]
[Round "4"]
[White "Drouin, Dominic"]
[Black "Mokrani, Youcef"]
[Result "0-1"]
[Annotator ",user"]
[WhiteElo "1076"]
[BlackElo "1021"]
[PlyCount "95"]
[GameId "2160767739316959"]
[EventDate "2009.11.27"]
[EventType "swiss"]
[EventRounds "5"]
[EventCountry "CAN"]
[SourceTitle "hb 2010.01"]

1. e4 e5 2. Nf3 Nc6 3. Nc3 Nf6 4. d3 d5 5. Ng5 Qd7 6. Qf3 h6 7. exd5 Nd4 8. Qd1 Nxd5 9. Nxd5 Qxd5 10. Ne4 Bf5 11. Nc3 Qc5 12. Be3 Qc6 13. Bxd4 exd4 14. Nb1 Be6 15. Qe2 Be7 16. Qe5 Bf6 17. Qe2 O-O-O 18. f3 Rhe8 19. Nd2 Bf5 20. Ne4 Bxe4 21. O-O-O Bg5+ 22. Kb1 Bd5 23. Qf2 Qb6 24. Qg3 g6 25. Qg4+ Be6 26. Qe4 Bxa2+ 27. Kxa2 Rxe4 28. dxe4 Qe6+ 29. b3 Qc6 30. Bd3 Qc3 31. e5 Re8 32. Bf5+ Kb8 33. Rd3 Qxc2+ 34. Ka1 Rxe5 35. Re3 Rxe3 36. Bxc2 d3 37. Bxd3 Rxd3 38. Re1 b6 39. Kb2 Rd2+ 40. Kc3 Rxg2 41. Kc4 Rc2+ 42. Kb5 Rc5+ 43. Kb4 a5+ 44. Ka4 Ka7 45. b4 axb4 46. Kxb4 Rc2 47. Kb5 Rxh2 48. Ra1+ {etc.} 0-1

[Event "Quebec-ch U14"]
[Site "Montreal CAN"]
[Date "2009.11.29"]
[Round "4"]
[White "Morin-Pare, Victor"]
[Black "Yun, Chang"]
[Result "0-1"]
[WhiteElo "1265"]
[BlackElo "1393"]
[PlyCount "68"]
[GameId "2160767910030163"]
[EventDate "2009.11.27"]
[EventType "swiss"]
[EventRounds "5"]
[EventCountry "CAN"]
[SourceTitle "hb 2010.01"]

1. e4 c5 2. Nf3 d6 3. d4 cxd4 4. Nxd4 Nf6 5. Nc3 g6 6. Be3 Bg7 7. Bc4 O-O 8. Qd2 Ng4 9. Bg5 Nc6 10. Nce2 Bd7 11. O-O-O Nxf2 12. h4 h5 13. c3 Rc8 14. Bd5 Nxd1 15. Rxd1 a6 16. Nf4 Nxd4 17. Nxh5 gxh5 18. Bh6 e5 19. Bg5 Qa5 20. Kb1 Bc6 21. Bh6 Bxd5 22. exd5 Nf5 23. Bg5 Qa4 24. b4 Qa3 25. Rf1 Ng3 26. Re1 Rxc3 27. Bh6 Qxb4+ 28. Ka1 Rfc8 29. Qg5 Qg4 30. Qd2 Rc2 31. Qe3 Qd4+ 32. Qxd4 exd4 33. Bf4 d3+ 34. Kb1 Rb2+ 0-1

[Event "Quebec-ch U14"]
[Site "Montreal CAN"]
[Date "2009.11.29"]
[Round "4"]
[White "Sprumont, Oscar"]
[Black "Cote-Lalumiere, Tristan"]
[Result "1/2-1/2"]
[WhiteElo "1581"]
[BlackElo "1614"]
[PlyCount "134"]
[GameId "2160767910030164"]
[EventDate "2009.11.27"]
[EventType "swiss"]
[EventRounds "5"]
[EventCountry "CAN"]
[SourceTitle "hb 2010.01"]

1. e4 c5 2. Nc3 d6 3. g3 g6 4. Bg2 Bg7 5. d3 e6 6. f4 Ne7 7. Nf3 Nbc6 8. O-O O-O 9. Be3 a6 10. e5 Nf5 11. Bf2 Re8 12. Ne4 dxe5 13. Nxe5 Nxe5 14. fxe5 Bxe5 15. c3 Qc7 16. Nxc5 Rb8 17. d4 b6 18. Ne4 Rd8 19. Qe2 Bd6 20. Nxd6 Nxd6 21. g4 Bb7 22. Bg3 Bxg2 23. Qxg2 Qb7 24. Rf2 Qxg2+ 25. Kxg2 Rb7 26. Bxd6 Rxd6 27. Rf6 b5 28. b4 Rc7 29. Rc1 Rxd4 30. cxd4 Rxc1 31. d5 exd5 32. Rxa6 Rc4 33. Kf3 Rxb4 34. Rd6 Rb2 35. h3 Rxa2 36. Rxd5 Ra3+ 37. Kg2 b4 38. Rb5 Rb3 39. Rb8+ Kg7 40. Rb6 h6 41. Rb7 g5 42. Rb6 Rb1 43. Kh2 b3 44. Kg2 f6 45. Rb7+ Kg6 46. Rb6 b2 47. Kh2 h5 48. Kg2 hxg4 49. hxg4 Kf7 50. Rb7+ Ke6 51. Rb6+ Ke5 52. Rb5+ Kd4 53. Rb8 f5 54. gxf5 Ke5 55. Rb5+ Kf6 56. Kh2 g4 57. Kg2 Kg5 58. f6+ Kxf6 59. Rb6+ Ke5 60. Rb5+ Kd4 61. Rb8 Ke5 62. Rb5+ Kf4 63. Rb4+ Kg5 64. Rb5+ Kh4 65. Rb8 Ra1 66. Rxb2 Ra3 67. Rc2 Rg3+ 1/2-1/2

[Event "Quebec-ch U14"]
[Site "Montreal CAN"]
[Date "2009.11.29"]
[Round "4"]
[White "Vallieres, Clovis"]
[Black "Poterlot, Charles"]
[Result "1-0"]
[WhiteElo "1014"]
[BlackElo "1026"]
[PlyCount "35"]
[GameId "2160767910030165"]
[EventDate "2009.11.27"]
[EventType "swiss"]
[EventRounds "5"]
[EventCountry "CAN"]
[SourceTitle "hb 2010.01"]

1. e4 e5 2. Nf3 Nf6 3. Bc4 h6 4. Nxe5 Qe7 5. Bxf7+ Kd8 6. Ng6 Qxf7 7. Nxh8 Qc4 8. d3 Qd4 9. O-O d6 10. Ng6 Bg4 11. Qe1 Be7 12. Be3 Qa4 13. Qc3 d5 14. h3 Qb4 15. Nxe7 Kxe7 16. Qc5+ Kd8 17. Qxb4 Be2 18. Qxb7 1-0

[Event "Quebec-ch U14"]
[Site "Montreal CAN"]
[Date "2009.11.29"]
[Round "4"]
[White "Xu, Tian Run"]
[Black "Guo, Forest"]
[Result "1/2-1/2"]
[WhiteElo "1590"]
[BlackElo "1557"]
[PlyCount "129"]
[GameId "2160767910030166"]
[EventDate "2009.11.27"]
[EventType "swiss"]
[EventRounds "5"]
[EventCountry "CAN"]
[SourceTitle "hb 2010.01"]

1. e4 c5 2. Nf3 d6 3. d4 cxd4 4. Nxd4 Nf6 5. Nc3 a6 6. Be3 e5 7. Nb3 Be7 8. Qd2 Be6 9. f3 d5 10. exd5 Nxd5 11. Nxd5 Qxd5 12. Qxd5 Bxd5 13. O-O-O Bc6 14. Bc5 Bxc5 15. Nxc5 b6 16. Ne4 O-O 17. Bc4 b5 18. Bb3 Nd7 19. Rd6 Bxe4 20. Rxd7 Bg6 21. Rd5 Rfe8 22. Re1 e4 23. fxe4 Rxe4 24. Rxe4 Bxe4 25. Rd7 Bg6 26. Kd2 Kf8 27. a4 Ke8 28. Rd5 Rd8 29. axb5 axb5 30. c3 Rxd5+ 31. Bxd5 Kd7 32. Ke3 Kd6 33. Kd4 f6 34. c4 bxc4 35. Bxc4 h6 36. b4 Bf5 37. b5 Bd7 38. Bd3 f5 39. g3 g5 40. b6 h5 41. b7 Kc7 42. Ke5 f4 43. gxf4 gxf4 44. Be4 h4 45. Kxf4 h3 46. Kg3 Be6 47. Bf3 Bf5 48. Bg4 Bxg4 49. Kxg4 Kxb7 50. Kxh3 Kc7 51. Kg4 Kd7 52. Kg5 Ke7 53. Kg6 Kf8 54. Kh7 Kf7 55. h3 Kf8 56. h4 Kf7 57. h5 Kf8 58. Kh8 Kf7 59. Kh7 Kf8 60. Kg6 Kg8 61. Kg5 Kh7 62. h6 Kh8 63. Kg6 Kg8 64. h7+ Kh8 65. Kh6 1/2-1/2

[Event "Quebec-ch U14"]
[Site "Montreal CAN"]
[Date "2009.11.29"]
[Round "5"]
[White "Allard, Laurent"]
[Black "Lepine, Cedric"]
[Result "1/2-1/2"]
[WhiteElo "1843"]
[BlackElo "1814"]
[PlyCount "64"]
[GameId "2160767910030167"]
[EventDate "2009.11.27"]
[EventType "swiss"]
[EventRounds "5"]
[EventCountry "CAN"]
[SourceTitle "hb 2010.01"]

1. e4 Nf6 2. e5 Nd5 3. d4 d6 4. Nf3 Nc6 5. h3 Bf5 6. Bd3 Bg6 7. O-O dxe5 8. dxe5 e6 9. Bg5 Be7 10. Bxe7 Qxe7 11. Qe2 Rd8 12. Bxg6 hxg6 13. c4 Nf4 14. Qe4 g5 15. Nc3 f5 16. exf6 gxf6 17. Rad1 f5 18. Qe3 Kf7 19. Rxd8 Rxd8 20. Rd1 Rh8 21. Ne5+ Nxe5 22. Qxe5 Ng6 23. Qg3 Rh4 24. c5 g4 25. c6 bxc6 26. hxg4 Rxg4 27. Qf3 Ne5 28. Qe3 Qf6 29. Qxa7 Nf3+ 30. Kf1 Nh2+ 31. Kg1 Nf3+ 32. Kf1 Nh2+ 1/2-1/2

[Event "Quebec-ch U14"]
[Site "Montreal CAN"]
[Date "2009.11.29"]
[Round "5"]
[White "Cote-Lalumiere, Tristan"]
[Black "Yun, Chang"]
[Result "1-0"]
[WhiteElo "1393"]
[BlackElo "1614"]
[PlyCount "55"]
[GameId "2160767910030168"]
[EventDate "2009.11.27"]
[EventType "swiss"]
[EventRounds "5"]
[EventCountry "CAN"]
[SourceTitle "hb 2010.01"]

1. e4 c5 2. Nf3 d6 3. d4 cxd4 4. Nxd4 Nf6 5. Nc3 g6 6. Be2 Bg7 7. Be3 O-O 8. O-O Nc6 9. a3 Bd7 10. Kh1 Rc8 11. f4 a6 12. Bf3 b5 13. g4 Bxg4 14. Nxc6 Bxf3+ 15. Qxf3 Rxc6 16. e5 Rxc3 17. bxc3 dxe5 18. fxe5 Nd5 19. Rad1 e6 20. Bc5 Re8 21. Qxf7+ Kh8 22. Rd3 Qa8 23. Kg1 Qc8 24. Bd6 Rg8 25. Rh3 h6 26. Rff3 g5 27. Rxh6+ Bxh6 28. Rh3 1-0

[Event "Quebec-ch U14"]
[Site "Montreal CAN"]
[Date "2009.11.29"]
[Round "5"]
[White "Guo, Forest"]
[Black "Mokrani, Youcef"]
[Result "1-0"]
[WhiteElo "1557"]
[BlackElo "1071"]
[PlyCount "55"]
[GameId "2160767910030169"]
[EventDate "2009.11.27"]
[EventType "swiss"]
[EventRounds "5"]
[EventCountry "CAN"]
[SourceTitle "hb 2010.01"]

1. e4 e5 2. Nf3 Nc6 3. Bb5 Nf6 4. Qe2 d5 5. Bxc6+ bxc6 6. exd5 Qxd5 7. Qxe5+ Qxe5+ 8. Nxe5 c5 9. O-O Bd6 10. Nc4 O-O 11. Nc3 Ng4 12. h3 Bh2+ 13. Kh1 Ne5 14. Kxh2 Nxc4 15. d3 Ne5 16. Na4 c4 17. f4 cxd3 18. fxe5 dxc2 19. Rf2 Bb7 20. Nc3 Rfe8 21. Bf4 f6 22. exf6 gxf6 23. Rxc2 Be4 24. Nxe4 Rxe4 25. Bg3 Rb8 26. b3 Rb7 27. Rxc7 Rxc7 28. Bxc7 1-0

[Event "Quebec-ch U14"]
[Site "Montreal CAN"]
[Date "2009.11.29"]
[Round "5"]
[White "Ma, Indy"]
[Black "Morin-Pare, Victor"]
[Result "1-0"]
[WhiteElo "1344"]
[BlackElo "1265"]
[PlyCount "63"]
[GameId "2160767910030170"]
[EventDate "2009.11.27"]
[EventType "swiss"]
[EventRounds "5"]
[EventCountry "CAN"]
[SourceTitle "hb 2010.01"]

1. d4 d5 2. c4 Nf6 3. Nc3 e6 4. Bg5 dxc4 5. e4 h6 6. Bh4 Be7 7. Bxc4 Nfd7 8. Bxe7 Qxe7 9. Nf3 Nb6 10. Bd3 Nc6 11. O-O O-O 12. Re1 e5 13. dxe5 Nxe5 14. Nxe5 Qxe5 15. Rc1 c6 16. Re3 Be6 17. Rg3 Rad8 18. Qe2 Rd4 19. Qe3 Kh8 20. f4 Qd6 21. f5 Rxd3 22. Qxd3 Qf4 23. Rf1 Qe5 24. fxe6 Qxe6 25. Qd4 f6 26. e5 Nd7 27. exf6 Nxf6 28. Ne4 Qe7 29. Nxf6 Rxf6 30. Rxf6 gxf6 31. Re3 Qf7 32. Qd8+ 1-0

[Event "Quebec-ch U14"]
[Site "Montreal CAN"]
[Date "2009.11.29"]
[Round "5"]
[White "Poterlot, Charles"]
[Black "Paille, Jordan"]
[Result "0-1"]
[WhiteElo "1026"]
[BlackElo "1156"]
[PlyCount "72"]
[GameId "2160767910030171"]
[EventDate "2009.11.27"]
[EventType "swiss"]
[EventRounds "5"]
[EventCountry "CAN"]
[SourceTitle "hb 2010.01"]

1. e4 e5 2. Nf3 Nc6 3. d4 exd4 4. Nxd4 Nxd4 5. Qxd4 Nf6 6. Bg5 b6 7. e5 Qe7 8. Bc4 c5 9. Qf4 d5 10. Bb5+ Bd7 11. Bxd7+ Kxd7 12. Qf5+ Qe6 13. Qf4 Be7 14. Nc3 h6 15. Bh4 g5 16. Bg3 gxf4 17. Bxf4 Nh5 18. g3 Nxf4 19. gxf4 Qf5 20. O-O-O Qxf4+ 21. Kb1 Qxe5 22. Rxd5+ Qxd5 23. Nxd5 Ke6 24. Nf4+ Kd6 25. Rd1+ Kc6 26. Nd5 Bd6 27. c3 Bxh2 28. b4 c4 29. Rd4 b5 30. Ne7+ Kc7 31. Nd5+ Kb7 32. Ne7 Rhd8 33. Rh4 Rd1+ 34. Kb2 Rd2+ 35. Kc1 Rxf2 36. Rxh6 Bf4+ 0-1

[Event "Quebec-ch U14"]
[Site "Montreal CAN"]
[Date "2009.11.29"]
[Round "5"]
[White "Wu, Qiyou"]
[Black "Levasseur, Anthony"]
[Result "1-0"]
[WhiteElo "1726"]
[BlackElo "1187"]
[PlyCount "129"]
[GameId "2160767910030173"]
[EventDate "2009.11.27"]
[EventType "swiss"]
[EventRounds "5"]
[EventCountry "CAN"]
[SourceTitle "hb 2010.01"]

1. e4 b6 2. d4 Bb7 3. Bd3 Nf6 4. Nc3 d5 5. e5 Ne4 6. Nxe4 dxe4 7. Bb5+ Bc6 8. Bxc6+ Nxc6 9. Be3 e6 10. Ne2 f6 11. exf6 gxf6 12. O-O Rg8 13. Nf4 e5 14. Qh5+ Ke7 15. dxe5 Nxe5 16. Qxh7+ Rg7 17. Qxe4 c6 18. Nd3 Qd6 19. Nxe5 fxe5 20. Bf4 Qe6 21. Qxe5 Rg6 22. Qxe6+ Kxe6 23. Rfe1+ Kf7 24. Rad1 Bb4 25. c3 Bc5 26. Be3 Bxe3 27. Rxe3 Rag8 28. Rd7+ Kf8 29. Rd8+ Kf7 30. Rxg8 Rxg8 31. h4 Kf6 32. Kh2 Rd8 33. Re2 Rd1 34. g4 Ra1 35. a3 a5 36. f4 c5 37. Kg3 b5 38. g5+ Kf5 39. Re5+ Kg6 40. f5+ Kh5 41. Rxc5 Rg1+ 42. Kh2 Rg4 43. g6 Rxh4+ 44. Kg3 Rg4+ 45. Kf3 Rg5 46. g7 Kh6 47. Rxb5 Rxg7 48. Rxa5 Rb7 49. b4 Rc7 50. Rc5 Rd7 51. a4 Kg5 52. b5 Rd3+ 53. Ke4 Rg3 54. b6 Rg4+ 55. Ke5 Rxa4 56. b7 Rf4 57. b8=Q Rxf5+ 58. Kd6 Rxc5 59. Kxc5 Kf5 60. Kd5 Kf6 61. Qe5+ Kg6 62. Ke6 Kh6 63. Qg3 Kh7 64. Kf6 Kh8 65. Qg7# 1-0

[Event "Quebec-ch U14"]
[Site "Montreal CAN"]
[Date "2009.11.29"]
[Round "5"]
[White "Xu, Tian Run"]
[Black "Sprumont, Oscar"]
[Result "1/2-1/2"]
[WhiteElo "1590"]
[BlackElo "1581"]
[PlyCount "54"]
[GameId "2160767910030174"]
[EventDate "2009.11.27"]
[EventType "swiss"]
[EventRounds "5"]
[EventCountry "CAN"]
[SourceTitle "hb 2010.01"]

1. e4 e5 2. Nf3 Nc6 3. Bc4 Bc5 4. d3 d6 5. h3 Nf6 6. Nc3 h6 7. Be3 Bb6 8. d4 O-O 9. d5 Ne7 10. Qd2 Nd7 11. g4 Ng6 12. g5 Bxe3 13. fxe3 hxg5 14. Qg2 Nh4 15. Nxh4 gxh4 16. Rg1 g6 17. O-O-O Kg7 18. Be2 Nf6 19. Rdf1 Rh8 20. Rf2 Qd7 21. Qf1 Qe7 22. Qg2 b6 23. Rgf1 Ne8 24. Nd1 Bb7 25. Rf3 c6 26. dxc6 Bxc6 27. Bc4 d5 1/2-1/2

[Event "Quebec-ch U16"]
[Site "Montreal CAN"]
[Date "2009.11.27"]
[Round "1"]
[White "MacIsaac, Alexandre"]
[Black "Sarrazin-Gendron, Roman"]
[Result "0-1"]
[WhiteElo "1529"]
[BlackElo "1915"]
[PlyCount "70"]
[GameId "2160767910030175"]
[EventDate "2009.11.27"]
[EventType "swiss"]
[EventRounds "5"]
[EventCountry "CAN"]
[SourceTitle "hb 2010.01"]

1. e4 c5 2. Nf3 d6 3. d4 cxd4 4. Nxd4 Nf6 5. Nc3 a6 6. Be3 e5 7. Nf3 Be7 8. Bc4 b5 9. Bb3 Bb7 10. Ng5 O-O 11. Nxf7 Rxf7 12. Bxf7+ Kxf7 13. Qf3 Qa5 14. O-O-O b4 15. Nd5 Bxd5 16. exd5 Qxa2 17. Qf5 Nbd7 18. g4 b3 19. g5 bxc2 20. Kxc2 Qc4+ 21. Kb1 Qe4+ 22. Qxe4 Nxe4 23. h4 Rb8 24. Rc1 Bd8 25. Rc6 Bb6 26. f3 Bxe3 27. fxe4 Ke7 28. Rxa6 Rb4 29. Kc2 Bc5 30. h5 Rxe4 31. g6 hxg6 32. h6 gxh6 33. Rxh6 Kf6 34. Rh7 Nb6 35. Rc7 Nxd5 0-1

[Event "Quebec-ch U16"]
[Site "Montreal CAN"]
[Date "2009.11.27"]
[Round "1"]
[White "Nadeau, Emmanuel"]
[Black "Dumont, Felix"]
[Result "0-1"]
[WhiteElo "1668"]
[BlackElo "1936"]
[PlyCount "78"]
[GameId "2160767910030176"]
[EventDate "2009.11.27"]
[EventType "swiss"]
[EventRounds "5"]
[EventCountry "CAN"]
[SourceTitle "hb 2010.01"]

1. d4 Nf6 2. c4 g6 3. Nc3 Bg7 4. e4 d6 5. f4 O-O 6. Nf3 Na6 7. Bd3 e5 8. d5 Nc5 9. O-O Bg4 10. Be3 exf4 11. Bxf4 Re8 12. Qe2 Nfxe4 13. Bxe4 Bxc3 14. bxc3 Rxe4 15. Qd2 Rxc4 16. h3 Bf5 17. Rac1 Nd3 18. Nd4 Nxc1 19. Nxf5 gxf5 20. Qxc1 Qf6 21. Qb1 Re8 22. Qxb7 Qxc3 23. Qxa7 Qd4+ 24. Qxd4 Rxd4 25. Bg3 Rxd5 26. Rc1 c5 27. a4 Ra8 28. Rc4 Rd4 29. Rxd4 cxd4 30. Bxd6 Rxa4 31. Kf1 Kg7 32. g3 Kf6 33. Ke2 Ke6 34. Bf4 Kd5 35. Bh6 Ke4 36. g4 Ra2+ 37. Ke1 fxg4 38. hxg4 Kf3 39. Bd2 Ra1+ 0-1

[Event "Quebec-ch U16"]
[Site "Montreal CAN"]
[Date "2009.11.27"]
[Round "1"]
[White "Nevarko, Serguei"]
[Black "Gelet, Seymour"]
[Result "0-1"]
[WhiteElo "1089"]
[BlackElo "1815"]
[PlyCount "58"]
[GameId "2160767910030177"]
[EventDate "2009.11.27"]
[EventType "swiss"]
[EventRounds "5"]
[EventCountry "CAN"]
[SourceTitle "hb 2010.01"]

1. e4 c5 2. Nf3 d6 3. d4 cxd4 4. Nxd4 Nf6 5. Nc3 a6 6. Bg5 e6 7. Qd2 Be7 8. O-O-O Qc7 9. f4 b5 10. Bd3 Bb7 11. Qe2 Nbd7 12. Nf3 Rc8 13. e5 Bxf3 14. gxf3 dxe5 15. fxe5 Qxe5 16. Qxe5 Nxe5 17. f4 Nxd3+ 18. Rxd3 Ng4 19. Bxe7 Nf2 20. Bh4 Nxd3+ 21. cxd3 b4 22. Be1 Ke7 23. Bh4+ f6 24. Rg1 Kf7 25. Kd2 bxc3+ 26. bxc3 Rhd8 27. Bf2 Rb8 28. Kc2 Rd5 29. Be3 Rdb5 0-1

[Event "Quebec-ch U16"]
[Site "Montreal CAN"]
[Date "2009.11.27"]
[Round "1"]
[White "Page-Fortin, Mathieu"]
[Black "Boni-Rowe, Nicolas"]
[Result "1-0"]
[WhiteElo "1822"]
[BlackElo "1347"]
[PlyCount "51"]
[GameId "2160767910030178"]
[EventDate "2009.11.27"]
[EventType "swiss"]
[EventRounds "5"]
[EventCountry "CAN"]
[SourceTitle "hb 2010.01"]

1. e4 c6 2. d4 d5 3. exd5 cxd5 4. c4 e6 5. Nc3 Nf6 6. Nf3 Nc6 7. Be2 Be7 8. O-O O-O 9. b3 b6 10. Bb2 Bb7 11. Rc1 Rc8 12. Qd2 Ne4 13. Qe3 f5 14. Rcd1 Bf6 15. Ne5 Nxe5 16. Nxe4 fxe4 17. dxe5 Bg5 18. Qh3 Qe7 19. Bg4 Rce8 20. Kh1 Kh8 21. f3 Ba6 22. Rfe1 exf3 23. Bxf3 dxc4 24. Rd6 Bh4 25. Red1 Qc7 26. Qxh4 1-0

[Event "Quebec-ch U16"]
[Site "Montreal CAN"]
[Date "2009.11.27"]
[Round "1"]
[White "Poulin, Mathieu"]
[Black "Powell, Samantha"]
[Result "1-0"]
[WhiteElo "1931"]
[BlackElo "1537"]
[PlyCount "133"]
[GameId "2160767910030179"]
[EventDate "2009.11.27"]
[EventType "swiss"]
[EventRounds "5"]
[EventCountry "CAN"]
[SourceTitle "hb 2010.01"]

1. d4 Nf6 2. c4 g6 3. Nc3 Bg7 4. e4 d6 5. f3 O-O 6. Be3 e5 7. d5 a5 8. Bd3 Nh5 9. Nge2 f5 10. exf5 Bxf5 11. O-O Nd7 12. Bxf5 gxf5 13. Qd2 f4 14. Bf2 Qe7 15. Ne4 h6 16. N2c3 Ndf6 17. c5 Nxe4 18. Nxe4 Nf6 19. cxd6 cxd6 20. Bb6 Nxe4 21. fxe4 a4 22. Rac1 Rfc8 23. Rc3 Qd7 24. Rfc1 Rxc3 25. Rxc3 Rc8 26. Rxc8+ Qxc8 27. Qc3 Qxc3 28. bxc3 Kf7 29. Kf2 Bf6 30. Ke2 Ke7 31. Kd3 Kd7 32. Kc4 Bh4 33. Kb5 Be1 34. c4 h5 35. Kxa4 h4 36. h3 Bd2 37. Kb3 Bc1 38. Bf2 f3 39. gxf3 Bg5 40. Kc3 Kc7 41. Kd3 b6 42. Be3 Bf6 43. f4 exf4 44. Bxf4 Kd7 45. Ke2 Be7 46. Kf3 Ke8 47. Kg4 Kf7 48. Bg5 Bf8 49. Bxh4 Kg6 50. Bd8 Bh6 51. Bxb6 Kf6 52. Bd4+ Ke7 53. a4 Bd2 54. Kf5 Kf7 55. Bb6 Bb4 56. a5 Bxa5 57. Bxa5 Kg7 58. Ke6 Kg6 59. Bd8 Kh5 60. Kxd6 Kg6 61. Ke6 Kg7 62. d6 Kg6 63. d7 Kh5 64. Bf6 Kh6 65. d8=Q Kg6 66. Qg8+ Kh5 67. Qg5# 1-0

[Event "Quebec-ch U16"]
[Site "Montreal CAN"]
[Date "2009.11.27"]
[Round "1"]
[White "Trottier, Emile"]
[Black "Paquette, Esther-Jeanne"]
[Result "1-0"]
[WhiteElo "1791"]
[BlackElo "994"]
[PlyCount "77"]
[GameId "2160767910030180"]
[EventDate "2009.11.27"]
[EventType "swiss"]
[EventRounds "5"]
[EventCountry "CAN"]
[SourceTitle "hb 2010.01"]

1. e4 e5 2. Nf3 Nc6 3. Bb5 Nf6 4. O-O Bc5 5. c3 a6 6. Bxc6 bxc6 7. Nxe5 O-O 8. d4 Ba7 9. Bg5 d6 10. Nxc6 Qe8 11. Bxf6 Qxc6 12. Bg5 Rb8 13. Qe2 Re8 14. Re1 Bb7 15. Nd2 d5 16. exd5 Rxe2 17. dxc6 Rxe1+ 18. Rxe1 Bxc6 19. b3 h6 20. Bf4 Bb6 21. Nc4 Rc8 22. Nxb6 cxb6 23. f3 Bd7 24. c4 g5 25. Be3 Re8 26. Kf2 f5 27. d5 b5 28. Bd4 Rxe1 29. Kxe1 f4 30. Kd2 Bf5 31. Kc3 g4 32. Be5 gxf3 33. gxf3 Kf7 34. Bxf4 h5 35. Be5 Ke7 36. c5 a5 37. b4 a4 38. a3 Bh3 39. Kd4 1-0